000 00531nam a2200193Ia 4500
003 OSt
005 20221007082826.0
006 a|||||r|||| 00| 0
007 ta
008 221006b |||||||| |||| 00| 0 eng d
024 _a29,480
037 _cDissertations
040 _aFLL
_cFLL
_beng
041 _2eng
_aeng
100 _aSingkhumharn Wuttikrai
_9699576
245 0 _aWTO dispute settlement system
_b a developing country perspective
942 _cDIS
_2CC
999 _c1167870
_d1167870